Volatility of agrarian markets aimed at the price development

V poslednom období bola na svetových agropotravinárskych trhoch zaznamenaná výrazná volatilita prejavujúca sa dramatickými výkyvmi cien. Príčiny vzniku cenovej volatility, potenciálne riziká jej transmisie na územie Slovenska a hľadanie vhodných opatrení k jej eliminácii.

Salvato in:
Dettagli Bibliografici
Autore principale: Matošková, Dagmar
Natura: Capitolo di libro
Lingua:inglese
Soggetti:
Tags: Aggiungi Tag
Nessun Tag, puoi essere il primo ad aggiungerne!!

MARC

LEADER 00000naa a2200000 4500
001 0158278
005 20231211065847.5
041 0 |a eng 
044 |a CZ 
245 1 0 |a Volatility of agrarian markets aimed at the price development  |c Dagmar Matošková 
520 |a V poslednom období bola na svetových agropotravinárskych trhoch zaznamenaná výrazná volatilita prejavujúca sa dramatickými výkyvmi cien. Príčiny vzniku cenovej volatility, potenciálne riziká jej transmisie na územie Slovenska a hľadanie vhodných opatrení k jej eliminácii. 
610 2 0 |a poľnohospodárstvo 
610 2 0 |a potravinárstvo 
610 2 0 |a komodity 
610 2 0 |a ceny svetové 
610 2 0 |a vývoj cenový 
610 2 0 |a volatilita 
100 1 |a Matošková, Dagmar